| 000 | 00437nam a2200157Ia 4500 | ||
|---|---|---|---|
| 008 | 230312s9999||||xx |||||||||||||| ||und|| | ||
| 020 | _a0-07-463656-1 | ||
| 082 |
_a658.15 _bKHA |
||
| 100 | _aKhan M Y | ||
| 245 | 0 | _aManagement Accounting | |
| 260 |
_bTata McGraw hill _aIndia _c2000 |
||
| 300 | _a22.50 | ||
| 546 | _aEng. | ||
| 650 |
_aManagement _vmanagement accounting is a complementary volume to our earlier work . FM |
||
| 942 | _cBK | ||
| 999 |
_c4815 _d4815 |
||